China IP SME helpdesk Cyber security law and IP protection: guide

Detalles Bibliográficos
Formato: eBook
Lenguaje:inglés
Publicado: Bruselas: European Union Publications Office, 2020
Materias:
Acceso en línea:Acceso restringido

MARC

LEADER 00000nam a22000007a 4500
005 20210930123423.0
007 cr|||| ||||
008 210930s2020 eu |||||s|||| 00||0 eng d
020 |a 978-92-9202-957-9 
035 |a 34455 
040 |a vLex 
090 |c 12455  |d 12455 
245 0 0 |a China IP SME helpdesk  |h [Recurso electrn̤ico] :  |b Cyber security law and IP protection: guide 
256 |a Servicio en ln̕ea 
260 |a Bruselas:  |b European Union Publications Office,  |c 2020 
300 |a 1 recurso electrn̤ico 
506 1 |a Disponible solo en los productos indicados  |d vLex Global  |d vLex Global (Academic Edition, excluding Law Schools)  |d vLex Global (U.S. Academic Edition, Law Schools)  |d vLex Global (U.S. Academic Edition, excluding Law Schools)  |d vLex Global (Academic Edition, Law Schools) 
650 0 4 |a Derecho Comunitario  |z Unin̤ Europea 
650 0 4 |a Derecho de las Nuevas Tecnologa̕s  |z Unin̤ Europea 
740 0 |a vLex Libros (Servicio en ln̕ea) 
856 4 0 |u https://app.vlex.com/#/sources/34455  |z Acceso restringido 
942 |c BOOK 
999 0 |a Community Law 
999 0 |a New Technologies Law